Pre-stressed concrete, theory and design (Record no. 546995)
[ view plain ]
| 000 -LEADER | |
|---|---|
| fixed length control field | 00510cam a22001571 4500 |
| 082 ## - DEWEY DECIMAL CLASSIFICATION NUMBER | |
| Classification number | 624.183414 |
| Author Mark | EVA |
| -- | L-19, P-16 |
| 100 1# - MAIN ENTRY--PERSONAL NAME | |
| Personal name | Evans, R. H. |
| 9 (RLIN) | 43110 |
| 245 10 - TITLE STATEMENT | |
| Title | Pre-stressed concrete, theory and design |
| Statement of responsibility, etc. | [by] R. H. Evans and E. W. Bennett. |
| 260 ## - PUBLICATION, DISTRIBUTION, ETC. | |
| Place of publication, distribution, etc. | London, |
| Name of publisher, distributor, etc. | Chapman and Hall, |
| Date of publication, distribution, etc. | 1958. |
| 300 ## - PHYSICAL DESCRIPTION | |
| Extent | 294 p. |
| Other physical details | illus. |
| Dimensions | 26 cm. |
| 526 ## - STUDY PROGRAM INFORMATION NOTE | |
| Program name | 0 |
| Interest level | 0 |
| Reading level | 0 |
| Title point value | 624_183414000000000_EVA |
| 650 #0 - SUBJECT ADDED ENTRY--TOPICAL TERM | |
| Topical term or geographic name entry element | MCE |
| 9 (RLIN) | 379 |
| 650 #0 - SUBJECT ADDED ENTRY--TOPICAL TERM | |
| Topical term or geographic name entry element | Prestressed concrete. |
| 9 (RLIN) | 23341 |
| 700 1# - ADDED ENTRY--PERSONAL NAME | |
| Personal name | Bennett, Ernest Walker, |
| 9 (RLIN) | 43192 |
| 942 ## - ADDED ENTRY ELEMENTS (KOHA) | |
| Source of classification or shelving scheme | |
| Koha item type | Book |
| Withdrawn status | Lost status | Source of classification or shelving scheme | Damaged status | Not for loan | Permanent Location | Current Location | Date acquired | Total Checkouts | Full call number | Barcode | Date last seen | Price effective from | Koha item type |
|---|---|---|---|---|---|---|---|---|---|---|---|---|---|
| Military College of Engineering (MCE) | Military College of Engineering (MCE) | 06/27/2014 | 624.183414 EVA | MCE-2073 | 06/27/2014 | 06/27/2014 | Book |
